Truyện Trạng Quỳnh và Xiển Bột
Nội dung sách giới thiệu các truyện, truyền thuyết, truyền miệng về hai nhân vật nỗi tiếng của Việt Nam là Trạng Quỳnh và Xiển Bột. Những bài viết, nghiên cứu về 2 nhân vật.
Shranjeno v:
| Glavni avtor: | |
|---|---|
| Format: | Knjiga |
| Jezik: | Undetermined |
| Izdano: |
Thanh Hóa
Nxb. Thanh Hóa
2017
|
| Teme: | |
| Oznake: |
Označite
Brez oznak, prvi označite!
|
| Thư viện lưu trữ: | Trung tâm Học liệu Trường Đại học Cần Thơ |
|---|
| LEADER | 00844nam a2200205Ia 4500 | ||
|---|---|---|---|
| 001 | CTU_231067 | ||
| 008 | 210402s9999 xx 000 0 und d | ||
| 020 | |c 68000 | ||
| 082 | |a 398.09597 | ||
| 082 | |b Tr431 | ||
| 100 | |a Trọng Miễn | ||
| 245 | 0 | |a Truyện Trạng Quỳnh và Xiển Bột | |
| 245 | 0 | |c Trọng Miễn | |
| 260 | |a Thanh Hóa | ||
| 260 | |b Nxb. Thanh Hóa | ||
| 260 | |c 2017 | ||
| 520 | |a Nội dung sách giới thiệu các truyện, truyền thuyết, truyền miệng về hai nhân vật nỗi tiếng của Việt Nam là Trạng Quỳnh và Xiển Bột. Những bài viết, nghiên cứu về 2 nhân vật. | ||
| 650 | |a Dân gian Việt Nam,Folklore, Vietnamese | ||
| 910 | |b dqhieu | ||
| 980 | |a Trung tâm Học liệu Trường Đại học Cần Thơ | ||